000 01395nam a2200361 i 4500
003 EG-GICUC
005 20260121101409.0
008 251201s2001 ua ||||fr|||| 000 0 ara d
017 _a2001/3/31/-5691
020 _a977-04-3362-3
040 _a EG-GICUC
_bara
_c EG-GICUC
_d EG-GICUC
_erda
041 _aara
082 0 4 _221
_a343.3
_bف ا . ش
092 0 4 _221
099 _aLaw1 10 343.3 ف ا . ش 2001
100 0 _aفائزة يونس الباشا
_eمؤلف.
245 1 0 _aشرح قانون الإجراءات الجنائية للشعب المسلح رقم 1/لسنة 1429 /
_cالدكتورة فائزة يونس الباشا.
250 _aالطبعة الاولى
264 1 _aالقاهرة :
_bدار النهضة العربية,
_c2001.
300 _a 197 صفحة ؛
_b
_c24 سم.
336 _2rda content
_atext
337 _2rda media
_aComputer
338 _2rda carrier
_aOnline Resource
504 _a. 197-194ببليوجرافيا: صفحات.
546 _aالنص باللغة العربية
650 1 4 _aقانون الإجراءات الجنائية
_2qrmak
650 1 4 _aالقانون الجنائي
651 1 _2qrmak
710 _aالجماهيرية العربية الليبية الشعبية الأشتراكية
856 4 0 _uhttps://fll.law.cu.edu.eg/fulltext/bks/B10-05593.pdf
905 _a5
_eHassnaa
942 _2ddc
_cBK
_e21
_n0
999 _c47539
_d47539